<?xml version="1.0" encoding="UTF-8"?>
<collection xmlns:xsi="http://www.w3.org/2001/XMLSchema-instance" xsi:schemaLocation="http://www.loc.gov/MARC21/slim http://www.loc.gov/standards/marcxml/schema/MARC21slim.xsd" xmlns="http://www.loc.gov/MARC21/slim">
 <record>
  <leader>00000cam a22000004i 4500</leader>
  <controlfield tag="001">UP-99796217613033649</controlfield>
  <controlfield tag="003">Buklod</controlfield>
  <controlfield tag="005">20190529153257.0</controlfield>
  <controlfield tag="006">m    go  j        </controlfield>
  <controlfield tag="007">ta</controlfield>
  <controlfield tag="008">080210s1886    xx      r    |000 u|spa d</controlfield>
  <datafield tag="020" ind1=" " ind2=" ">
   <subfield code="a">9789715390620</subfield>
  </datafield>
  <datafield tag="035" ind1=" " ind2=" ">
   <subfield code="a">(iLib)UPD-00405464830</subfield>
  </datafield>
  <datafield tag="040" ind1=" " ind2=" ">
   <subfield code="a">DMLF</subfield>
   <subfield code="e">rda</subfield>
  </datafield>
  <datafield tag="041" ind1=" " ind2=" ">
   <subfield code="a">eng</subfield>
   <subfield code="h">spa</subfield>
  </datafield>
  <datafield tag="042" ind1=" " ind2=" ">
   <subfield code="a">DMLUC</subfield>
  </datafield>
  <datafield tag="090" ind1=" " ind2=" ">
   <subfield code="a">BX 4640 P6</subfield>
   <subfield code="b">R4313 2014</subfield>
  </datafield>
  <datafield tag="100" ind1="1" ind2=" ">
   <subfield code="a">Redondo y Sendino, Felipe</subfield>
   <subfield code="e">author.</subfield>
  </datafield>
  <datafield tag="245" ind1="1" ind2="0">
   <subfield code="a">Breve resena de lo que y de lo que es la Diocesis de Cebu en las islas Filipinas</subfield>
   <subfield code="b">A brief survey of what was and what is the Diocese of Cebu in the Philippine islands</subfield>
   <subfield code="c">Felipe Redondo y Sendino ; translated in by Azucena L. Pace.</subfield>
  </datafield>
  <datafield tag="264" ind1=" " ind2="1">
   <subfield code="a">Cebu City</subfield>
   <subfield code="b">University of San Carlos Press</subfield>
   <subfield code="c">[2014]</subfield>
  </datafield>
  <datafield tag="264" ind1=" " ind2="4">
   <subfield code="c">©2014</subfield>
  </datafield>
  <datafield tag="300" ind1=" " ind2=" ">
   <subfield code="a">xviii, 246 pages</subfield>
   <subfield code="b">illustrations</subfield>
   <subfield code="c">23 cm</subfield>
  </datafield>
  <datafield tag="336" ind1=" " ind2=" ">
   <subfield code="a">text</subfield>
   <subfield code="2">rdacontent</subfield>
  </datafield>
  <datafield tag="337" ind1=" " ind2=" ">
   <subfield code="a">unmediated</subfield>
   <subfield code="2">rdamedia</subfield>
  </datafield>
  <datafield tag="338" ind1=" " ind2=" ">
   <subfield code="a">volume</subfield>
   <subfield code="2">rdacarrier</subfield>
  </datafield>
  <datafield tag="500" ind1=" " ind2=" ">
   <subfield code="a">With Manila imprimatur of 1886. A translation with minor modification 1886 edition. &quot;Copyright, 1886, by Felipe Redondo y Sendino published by Establicimiento Tipografico del Colegio de Sto. Tomas, Manila, Fr. Pedro Archbishop by order of His Excellency the Archbishop Jose Consunji, vice secretary&quot;</subfield>
  </datafield>
  <datafield tag="500" ind1=" " ind2=" ">
   <subfield code="a">&quot;translated into english by Azucena L. Pace.&quot; -- Cover.</subfield>
  </datafield>
  <datafield tag="505" ind1="0" ind2=" ">
   <subfield code="a">What the Diocese of The Most Holy Name of Jesus of Cebu was from the first day of the conquest -- Founding of the Augustinian Provice - fist provincial in the Philippines -- With Legaspi settled in Panay, he prepares to conquer Luzon established the Villa de Cebu and then goes to Manila -- Adelantado Legaspi settles in Manila, capital of the archipelago ; arrival of reinforcements and an Augustinian mission of six priests -- Augustinian chapter - second provincial -- Founding of the convents and ministries in the Visayas in various Chapters until 1580 -- The founding of new convents and ministries continues -- General Dasmariñas asks the Augustinians to return to the ministries they had left in the Islas de los Pintados - the convents administered by the Augustinians in Islas de los Pintados in 1698 -- The Jesuits administer in the island of Panay, in Leyte and in the City of Cebu -- Founding the convents by the Augustinians continues - the Fist Archbishop, the first Bishop of Cebu, and Judges of the Royal Audiencia arrive in Manila; an Augustinian priest is assigned to Mindanao -- Recoletos arrive in the islands. The first bishop of Cebu dies -- Spiritual campaign of the Society of Jesus -- Towns administered by the Recollect fathers in Mindanao -- Towns administered by the Recollect fathers in Mindanao in 1753 -- Continuation of Jesuit administration -- Brief survey of the secular clergy -- Parishes and administration -- District of Cebu -- District of Bohol -- District of Leyte -- District of Samar -- District of Mindanao -- Marianas Islands -- Index in alphabetical order.</subfield>
  </datafield>
  <datafield tag="650" ind1=" " ind2="0">
   <subfield code="a">Catholic Church.Diocese of Cebu (Philippines)</subfield>
   <subfield code="x">History.</subfield>
  </datafield>
  <datafield tag="650" ind1=" " ind2="0">
   <subfield code="a">Catholic Church</subfield>
   <subfield code="z">Philippines</subfield>
   <subfield code="x">History</subfield>
   <subfield code="z">Cebu City.</subfield>
  </datafield>
  <datafield tag="650" ind1=" " ind2="0">
   <subfield code="a">Augustinians</subfield>
   <subfield code="z">Philippines</subfield>
   <subfield code="x">History.</subfield>
  </datafield>
  <datafield tag="650" ind1=" " ind2="0">
   <subfield code="a">Parishes</subfield>
   <subfield code="z">Philippines, Visayas Region.</subfield>
  </datafield>
  <datafield tag="700" ind1="1" ind2=" ">
   <subfield code="a">Pace, Azucena L.</subfield>
   <subfield code="e">translator.</subfield>
  </datafield>
  <datafield tag="905" ind1=" " ind2=" ">
   <subfield code="a">FI</subfield>
  </datafield>
  <datafield tag="852" ind1="0" ind2=" ">
   <subfield code="a">UPD</subfield>
   <subfield code="b">DMLF</subfield>
   <subfield code="h">BX 4640 P6</subfield>
   <subfield code="i">R4313 2014</subfield>
  </datafield>
  <datafield tag="942" ind1=" " ind2=" ">
   <subfield code="a">Book</subfield>
  </datafield>
 </record>
</collection>
